FIBRONEKTÍN JE EXPRIMOVANÝ V ĽUDSKÝCH "GLIA-LIKE" BUNKÁCH

Bibliographic Details
Main Authors: Peržeľová, Anna, 1958- (Author), Bízik, Ivan (Author), Máčiková, I. (Author), Šteňo, Juraj, 1948- (Author), Mráz, P. (Author)
Format: Article
Language:Slovak
ISBN:808077028X

MARC

LEADER 00000naa a2200000uu 4500
001 vtls010963071
003 SK-MaSNL
005 20260504114904.0
008 210907|2006 xo |||||||||||||||||slo|
015 |a SNBRA 
035 |a (urnnbn)urn:nbn:sk:snk:ar-a0btiy 
035 |a (uuid)5e9c561f-6c10-484e-ba0e-5c7bf8036305 
035 |a urn:nbn:sk:snk-aaul1f 
040 |a SNKBUCL  |b slo  |c SNKBUCL  |e AACR2 
041 0 |a slo 
044 |a xo  |c SK 
100 1 |a Peržeľová, Anna,  |d 1958-  |4 aut  |9 20232 
245 1 0 |a FIBRONEKTÍN JE EXPRIMOVANÝ V ĽUDSKÝCH "GLIA-LIKE" BUNKÁCH  |c A. Perželová, I. Bízik, I. Máčiková, J. Šteňo, P. Mráz 
700 1 |a Bízik, Ivan  |4 aut  |9 1636971 
700 1 |a Máčiková, I.  |4 aut  |9 775959 
700 1 |a Šteňo, Juraj,  |d 1948-  |4 aut  |9 244277 
700 1 |a Mráz, P.  |4 aut  |9 775957 
773 0 |t 9. košický morfologický deň s medzinárodnou účasťou  |d V Košiciach : Univerzita veterinárskeho lekárstva, 2006  |g S. 107-108  |z 808077028X 
958 |a OND 
958 |a article11 
958 |a chapter 
999 |c 1339813  |d 1341743